Biotechnologie /

Salvato in:
Dettagli Bibliografici
Autore principale: Vodrážka, Zdeněk (Autore)
Natura: Libro
Lingua:ceco
Pubblicazione: Praha : VŠCHT Praha, 1991
Edizione:2.přeprac.vyd
Soggetti:
Tags: Aggiungi Tag
Nessun Tag, puoi essere il primo ad aggiungerne!!

MARC

LEADER 00000nam a22000003a 4500
001 stu82520
005 20150617225634.6
008 031119s1991----xr------------------cze-d
020 |a 80-7080-121-2 
040 |a STU  |b slo 
041 0 |a cze 
044 |a xr 
080 |a 577.3+620.9 
100 1 |a Vodrážka, Zdeněk  |4 aut 
245 1 |a Biotechnologie /  |c [aut.]Vodrážka,Zdeněk 
250 |a 2.přeprac.vyd 
260 |a Praha :  |b VŠCHT Praha,  |c 1991 
300 |a 182 s. Obr.,tab 
650 7 |a biotechnológia  |2 stusub 
996 |b C97172  |c C*97172  |l CCX  |s P  |a 0  |w stu82520_0001 
996 |b 284J034014  |c J*109814  |l JJK5  |s P  |a 0  |w stu82520_0002